| 000 | 02482nam a2200385 i 4500 | ||
|---|---|---|---|
| 005 | 20221003121115.0 | ||
| 008 | 221003t20152021enko e 001 0 eng d | ||
| 020 |
_a9780241412954 _cRM 145.00 _qhardback |
||
| 040 |
_aPPAK _beng _cPPAK _erda |
||
| 082 | 0 | 4 |
_223 _a745.4 |
| 090 | 0 |
_a745.4 _bBLA _dR |
|
| 100 | 1 |
_aBlack, Alexandra, _eauthor. |
|
| 245 | 1 | 0 |
_adesign : _bTHE DEFINITIVE VISUAL GUIDE / _cWriters Alexandra Black, R.G. Grant, Ann Kay, Philip Wilkinson, Lain Zaczek ; Editors Anna Fischel, Sammy Kennedy, Stuart Neilson |
| 250 | _aNEW EDITION | ||
| 264 | 1 |
_aLondon : _bDorling Kindersley Limited , _c©2021 |
|
| 264 | 4 | _c©2015 | |
| 300 |
_a400 pages : _bcolour photograph; _c31 x 26 cm. |
||
| 336 |
_2rdacontent _atext _astill images. |
||
| 337 |
_2rdamedia _aunmediated |
||
| 338 |
_2rdacarrier _avolume |
||
| 500 | _aIncludes index. | ||
| 520 | _aDiscover the history of design with this gorgeous visual celebration of key pieces, movements, and designers, from the Arts and Craft movement to the digital age. Arranged chronologically, Design traces the evolution of design from its roots to the present, from early chairs, pottery, and homewares to cars, graphic design and product design. It introduces all the key designers, manufacturers, and objects, illustrating how and why different styles emerged and became popular. It also provides a fascinating insight into design movements, showing how each one began and explaining its philosophy and visual style, from the Arts and Crafts movement to mid-century modern and contemporary. Featuring expert analysis, stunning photography, and a huge range of objects both familiar and extraordinary, Design explains what makes a truly great design and reveals the hidden stories behind the everyday things all around us. With profiles of famous designers and manufacturers, such as William Morris, the Bauhaus, Alvar Aalto, Frank Lloyd Wright, and Vitra, and stunning images of iconic buildings and interiors, it provides a glorious and comprehensive view of classic design across the last two centuries | ||
| 650 | 1 | 0 | _aDesign |
| 650 | 2 | 0 | _aArt and design |
| 650 | 2 | 0 | _aDecorative arts |
| 650 | 2 | 0 | _aArt and history |
| 700 | 1 |
_aGrant, R.G., _eauthor. |
|
| 700 | 1 |
_aKay, Ann, _eauthor. |
|
| 700 | 1 |
_aWilkinson, Philip, _eauthor. |
|
| 700 | 1 |
_aZaczek, Lain, _eauthor. |
|
| 700 | 1 |
_aFischel, Anna, _eeditor. |
|
| 700 | 1 |
_aKennedy, Sammy, _eeditor. |
|
| 700 | 1 |
_aNeilson, Stuart, _eeditor. |
|
| 942 |
_2ddc _cB |
||
| 999 |
_c189279 _d189279 |
||